Safest Cities in Europe - Statistics

General Stats
  • This quiz has been taken 91 times
  • The average score is 15 of 20
Answer Stats
Crime Index Country Answer % Correct
20.53 Switzerland Bern
95%
22.06 Switzerland Zurich
95%
24.69 Finland Helsinki
92%
21.78 Croatia Zagreb
92%
26.11 Denmark Copenhagen
91%
24.61 Czech Republic Prague
91%
24.34 Iceland Reykjavik
89%
26.11 Poland Warsaw
89%
20.95 Germany Munich
88%
22.91 Estonia Tallinn
87%
21.57 Slovenia Ljubljana
82%
20.14 The Netherlands The Hague
82%
25.22 Norway Bergen
71%
23.82 Switzerland Basel
68%
26.12 Czech Republic Brno
60%
22.14 Romania Cluj-Napoca
56%
21.35 Norway Trondheim
52%
21.97 The Netherlands Eindhoven
46%
21.57 The Netherlands Groningen
42%
25.66 Romania Brasov
28%
No matching quizzes found
Score Distribution
Percent of People with Each Score
Percentile by Number Answered
Your Score History
You have not taken this quiz